एका बापाचा जन्म (Record no. 1014841)

MARC details
000 -LEADER
fixed length control field 00554nam a2200181Ia 4500
008 - FIXED-LENGTH DATA ELEMENTS--GENERAL INFORMATION
fixed length control field 151018s9999 xx 000 0 und d
082 ## - DEWEY DECIMAL CLASSIFICATION NUMBER
Item number RBASDV12595
Classification number 891.463
100 ## - MAIN ENTRY--PERSONAL NAME
Personal name रमेश कुबूल
245 ## - TITLE STATEMENT
Title एका बापाचा जन्म
250 ## - EDITION STATEMENT
Remainder of edition statement 1
260 ## - PUBLICATION, DISTRIBUTION, ETC. (IMPRINT)
Name of publisher, distributor, etc जागर
Date of publication, distribution, etc 1979
300 ## - PHYSICAL DESCRIPTION
Extent 94
600 ## - SUBJECT ADDED ENTRY--PERSONAL NAME
Personal name रमेश कुबूल
630 ## - SUBJECT ADDED ENTRY--UNIFORM TITLE
Uniform title एका बापाचा जन्म
700 ## - ADDED ENTRY--PERSONAL NAME
Personal name रमेश कुबूल
730 ## - ADDED ENTRY--UNIFORM TITLE
Uniform title एका बापाचा जन्म
942 ## - ADDED ENTRY ELEMENTS (KOHA)
Koha item type Book
Holdings
Withdrawn status Lost status Damaged status Not for loan Home library Current library Date acquired Cost, normal purchase price Total Checkouts Full call number Barcode Date last seen Cost, replacement price Price effective from Koha item type
        R.B. Anant Shivaji Desai Vachanalaya and Granthalaya, Kudal R.B. Anant Shivaji Desai Vachanalaya and Granthalaya, Kudal 04/26/2009 22.00   RBASDV12595 RBASDV12595 10/18/2015 22.00 10/18/2015 Book